000 00289nam a22001217a 4500
008 180914b xxu||||| |||| 00| 0 eng d
041 _aeng
080 _a616.8
100 _a8
101 _aINF
245 _aCultural Practicr Infectious Crop Disease
_cPalti.J
942 _2udc
_cBK
999 _c47749
_d47749